000 00665aab a2200289a 44500
008 020702s2001 cat
041 _acat
041 _bspa
080 _a665.327.3(038)
245 _aLes Illes a la taula: l'oli
260 _c2001
300 _ap. 117-124
_bil.
520 _a5
546 _acatalà
591 _a7570
592 _aObra terminològica
593 _aKRL
594 _a7570
650 _aolis comestibles
_964620
773 _g(<2001>)
773 _tDiari de Balears
901 _c(<2001>)
902 _a020702
942 _cAS
_n0
999 _c61352
_d61352